| 000 | 01699nam0a2200397 4500 | ||
|---|---|---|---|
| 001 | RU\NLR\bibl\1719215 | ||
| 005 | 20260405213104.0 | ||
| 010 |
_a978-5-17-069682-6 _bАСТ |
||
| 010 |
_a978-5-9725-1873-9 _bАстрель-СПб |
||
| 010 |
_a978-5-226-02817-5 _bВКТ _94000 |
||
| 021 |
_aRU _b2010-94084 _96336 |
||
| 035 | _a(nilc)RSL-KNO-004836171 | ||
| 035 | _a(NLR Aleph) 001710218 | ||
| 090 |
_a1275449 _c1275448 |
||
| 100 | _a20101129d2010 |||y0rusy50 ca | ||
| 101 | 0 | _arus | |
| 102 | _aRU | ||
| 105 | _aa zzzz||||| | ||
| 200 | 1 |
_aОбщаться с подростком - как? _eпособие для умных предков _e[универсальное пособие для продвинутых родителей] _fЮля Лемеш |
|
| 210 |
_aМосква _cАСТ _aСанкт-Петербург _cАстрель-СПб _aВладимир _cВКТ _d2010 |
||
| 215 |
_a286, [1] с. _cил. _d21 |
||
| 606 | 1 |
_aПодростки _jПопулярные издания _xСоциально-психологические исследования _92137970 _3RU\NLR\auth\661288962 |
|
| 606 | 1 |
_aДети и родители _jПопулярные издания _xПсихологическая служба _92100863 _3RU\NLR\auth\661270599 |
|
| 686 |
_aЮ984.92,0 _2rubbk |
||
| 686 |
_aЮ956-994-06-734,0 _2rubbk |
||
| 686 | _aС550.325.2я9 | ||
| 686 | _aЮ983.402.2я9 | ||
| 686 | _aЮ984.92я9 | ||
| 700 | 1 |
_4070 _8rus _7ca _aЛемеш _bЮ. _gЮлия _3RU\NLR\AUTH\7796133 _979059 |
|
| 801 | 0 |
_aRU _bRuMoRKP _c20101129 _grcr |
|
| 801 | 1 |
_aRU _bRuMoRGB _c20101129 |
|
| 801 | 2 |
_aRU _bNLR _c20101224 _grcr |
|
| 942 | _cBOOK | ||
| 980 | _aNB | ||